Hướng dẫn thực hành kế toán doanh nghiệp theo các chuẩn mực kế toán mới /

Hạch toán kế toán; Phương pháp lập báo cáo tài chính doanh nghiệp; Bài tập thực hành lập báo cáo tài chính doanh nghiệp.

সংরক্ষণ করুন:
গ্রন্থ-পঞ্জীর বিবরন
প্রধান লেখক: Nguyễn Văn Nhiệm.
অন্যান্য লেখক: Nguyễn Thanh Hải., Nguyễn Anh Tuấn.
বিন্যাস: গ্রন্থ
ভাষা:Vietnamese
প্রকাশিত: Hà Nội : Tài chính, 2004.
বিষয়গুলি:
ট্যাগগুলো: ট্যাগ যুক্ত করুন
কোনো ট্যাগ নেই, প্রথমজন হিসাবে ট্যাগ করুন!
Thư viện lưu trữ: Mạng thư viện Đại học Đà Nẵng
LEADER 01403cam a2200373 a 4500
001 000045016
003 4126
005 20060417085721.0
008 010308b2004 vm 000 vie
020 |c 79000 
040 |a LRC  |c LRC  |d LRC 
041 0 |a vie 
082 1 4 |a 657.1  |b NG-N 
100 1 |a Nguyễn Văn Nhiệm. 
245 1 0 |a Hướng dẫn thực hành kế toán doanh nghiệp theo các chuẩn mực kế toán mới /  |c Nguyễn Văn Nhiệm, Nguyễn Thanh Hải, Nguyễn Anh Tuấn. 
260 |a Hà Nội :  |b Tài chính,  |c 2004. 
300 |a 376 tr. ;  |c 28 cm. 
520 3 |a Hạch toán kế toán; Phương pháp lập báo cáo tài chính doanh nghiệp; Bài tập thực hành lập báo cáo tài chính doanh nghiệp. 
630 0 4 |a Kế toán doanh nghiệp. 
650 0 4 |a Kế toán doanh nghiệp. 
700 1 |a Nguyễn Thanh Hải. 
700 1 |a Nguyễn Anh Tuấn. 
OWN |a DUT 
AVA |a UDN50  |b DUT  |c Book  |d 657.1 NG-N  |e available  |t Error 5001 Not defined in file expand_doc_bib_avail.  |f 5  |g 0  |h N  |i 0  |j SH  |k 1 
999 |a From the UDN01 
AVA |a UDN50  |b DUT  |c Book  |d 657.1 NG-N  |e available  |t Error 5001 Not defined in file expand_doc_bib_avail.  |f 5  |g 0  |h N  |i 0  |j SH  |k 1 
TYP |a Monograph 
TYP |a Printed language 
980 |a Mạng thư viện Đại học Đà Nẵng